| 000 | 00800nam a22002537a 4500 | ||
|---|---|---|---|
| 001 | 74611 | ||
| 003 | BD-RjUL | ||
| 005 | 20211209082558.0 | ||
| 008 | 181031s2017 a|||| |||| 00| 0 eng d | ||
| 020 | _a 9789843431417 | ||
| 020 | _a9843431413 | ||
| 035 | _a(BD-RjUL)74829 | ||
| 040 |
_aBD-RjUL _beng _cBD-RjUL |
||
| 041 | _aeng | ||
| 082 |
_223 _a634.92 _bCOM 2017 |
||
| 245 |
_aBased Non-Wood Forest Products Enterprise: _bA Sustainable Business Model / _cEdited Tayan Raj Gurung. |
||
| 260 |
_aDhaka : _bSAARC Agriculture Centre, _c2017 |
||
| 300 |
_axx, 214 p.: _bill. ; _c25 cm. |
||
| 650 |
_aNon-timber forest products _9224637 |
||
| 650 |
_aNon-timber forest products industry _9224638 |
||
| 650 |
_aForest management _9224639 |
||
| 700 |
_aGurung, Tayan Raj . _9116942 |
||
| 942 |
_2ddc _cBK |
||
| 999 |
_c74611 _d74611 |
||